000 01161cad a22001935a 4500
001 L158569
008 150428s2015 xxk f 000 0 eng d
035 _a(Sirsi) u158569
041 0 _aeng
110 2 _aUnited Kingdom
_bHM Treasury
245 0 0 _aNational Infrastructure Plan 2014.
260 _aLondon
_bHM Treasury
_c2014
520 _aShows the government?s progress on infrastructure delivery and presents an overview of its policies and investments in this area since 2010. Identifies that over 2 500 different projects or schemes have been delivered in this Parliament. It also details the government?s approach to ensuring that the top 40 priority investments remain on track to deliver, as well as providing the latest detail on the timing, funding and status of each of them. Also includes detailed delivery plans to 2020 in key economic infrastructure sectors.
590 _aKA
651 4 _aUnited Kingdom
690 _aInfrastructure
_96246
856 4 0 _uhttps://www.gov.uk/government/uploads/system/uploads/attachment_data/file/381884/2902895_NationalInfrastructurePlan2014_acc.pdf
_zView the item free of charge at www.gov.uk
942 _n0
999 _c115388
_d115388